Villes Italiennes - Mort Subite - Statistiques

Statistiques générales
  • Ce quiz a été pris 210 fois
  • Le résultat moyen est 18 sur 24
Answers on the Grid
Answers color-coded by a green-red scale on the quiz's grid according to % correct below.
Amalfi
Bari
Barranquilla
Bologne
Cagliari
Cincinnati
Curitiba
Florence
Gênes
La Mecque
Manille
Messine
Milan
Modène
Naples
Odessa
Padoue
Palerme
Parme
Pérouse
Pise
Ravenne
Riga
Rome
Salerne
Sausalito
Sienne
Sotchi
Syracuse
Trente
Tripoli
Turin
Valence
Venise
Vérone
 
Statistiques - réponses
Réponse % Correct
Florence
95%
Milan
92%
Naples
91%
Pise
91%
Bologne
90%
Palerme
89%
Rome
87%
Parme
86%
Turin
86%
Gênes
85%
Cagliari
84%
Venise
83%
Bari
80%
Vérone
80%
Modène
72%
Padoue
66%
Salerne
63%
Sienne
63%
Amalfi
60%
Trente
60%
Pérouse
58%
Syracuse
55%
Messine
52%
Ravenne
50%
Aucun quiz correspondant
Distribution des résultats
% des personnes avec chaque résultat
Percentile par nombre de réponses
Votre historique - résultats
Vous n’avez pas pris ce quiz